000
00320nam a2200145Ia 4500
008
230718s9999 xx 000 0 und d
041
_a
Eng.
082
_a
346.03
_b
CHA-L
100
_a
Chaudhary , A. H.
245
0
_a
law of Torts
260
_a
Pakistan
_b
All Pakistan
300
_a
112
650
_a
Law
999
_c
29798
_d
29798